LEADER 01067nam 2200289Ia 450 001 996388756203316 005 20221107210345.0 035 $a(CKB)1000000000638249 035 $a(EEBO)2264220178 035 $a(OCoLC)08723541 035 $a(EXLCZ)991000000000638249 100 $a19820826d1682 uy | 101 0 $aeng 135 $aurbn||||a|bb| 200 04$aThe Present alteration in religion in France$b[electronic resource] $ediscours'd of in two letters : the one from a person of quality to an abbot, the other the abbot's answer thereunto : which may serve as an appendix to the Mistery of Jesuitisme 210 $aLondon $cPrinted for Richard Janeway$d1682 215 $a14 p 300 $aReproduction of original in the Harvard University Library. 330 $aeebo-0062 607 $aFrance$xChurch history$y17th century 701 $aPascal$b Blaise$f1623-1662.$028760 801 1$bEEU 801 2$bWaOLN 906 $aBOOK 912 $a996388756203316 996 $aThe Present alteration in religion in France$92361367 997 $aUNISA LEADER 01706nam 22005895u 450 001 9910157465403321 005 20211006144910.0 010 $a9783318035810 010 $a3318035815 035 $a(CKB)3780000000101437 035 $a(OCoLC)1046114368 035 $a(SZ-BaSKA)219165 035 $a(MiAaPQ)EBC31865620 035 $a(Au-PeEL)EBL31865620 035 $a(EXLCZ)993780000000101437 100 $a20211006d1976 uy 0 101 0 $aeng 135 $aurunu||||| 181 $ctxt$2rdacontent 182 $cc$2rdamedia 183 $acr$2rdacarrier 200 10$aEarly Signs of Nutritional Deficiencies : $e13th Sympsoium of the Group of European Nutritionists, Sofia and Varna, May 1974: Proceedings / $f editors, J.C. Somogyi, T. Tashev 205 $a1st ed. 210 $aBasel : $cS. Karger, $d1976 215 $a1 online resource (VIII + 173 pages) : $c 65 figures, 52 tables 225 1 $aIssn Series 311 08$a9783805523141 311 08$a3805523149 410 0$aIssn Series 606 $aNutrition 606 $aBiochemistry 606 $aCell Biology 606 $aMetabolism 606 $aMolecular Biology 606 $aPhysiology 615 14$aNutrition 615 14$aBiochemistry 615 14$aCell Biology 615 14$aMetabolism 615 14$aMolecular Biology 615 14$aPhysiology 676 $a641.1/08 s 676 $a616.3/9/075 700 $aSomogyi$b J.C 701 0$aSomogyi$b Johann Carl$01230448 701 0$aTashev$b Tasho A$01231078 801 0$bUKSKG 801 1$bUKSKG 906 $aBOOK 912 $a9910157465403321 996 $aEarly Signs of Nutritional Deficiencies$92858313 997 $aUNINA